План Московскаго Большаго Кремлевскаго дворца. Нижний этаж (Запись № 12127543)
[ простой вид ]
| 000 -МАРКЕР | |
|---|---|
| контрольное поле | 01942nem0a2200301 4500 |
| 001 - ИДЕНТИФИКАТОР ЗАПИСИ | |
| контрольное поле | RU\NLR\BIBL_A\012147017 |
| 005 - ИДЕНТИФИКАТОР ВЕРСИИ | |
| контрольное поле | 20250623214118.0 |
| 035 ## - ДРУГИЕ СИСТЕМНЫЕ НОМЕРА | |
| Идентификатор записи | (NLR Aleph) 012147017 |
| 100 ## - ДАННЫЕ ОБЩЕЙ ОБРАБОТКИ | |
| Данные общей обработки | 20191126d1851 |||y0rusy50 ca |
| 101 0# - ЯЗЫК РЕСУРСА | |
| Язык текста, звукозаписи и т.д. | русский |
| 102 ## - СТРАНА ПУБЛИКАЦИИ ИЛИ ПРОИЗВОДСТВА | |
| Страна публикации | российская федерация |
| 120 ## - ПОЛЕ КОДИРОВАННЫХ ДАННЫХ: КАРТОГРАФИЧЕСКИЕ МАТЕРИАЛЫ - ОБЩИЕ ХАРАКТЕРИСТИКИ | |
| Кодированные данные о картографическом материале (общие) | aay xx|| |
| 123 1# - ПОЛЕ КОДИРОВАННЫХ ДАННЫХ: КАРТОГРАФИЧЕСКИЕ МАТЕРИАЛЫ - МАСШТАБ И КООРДИНАТЫ | |
| Тип масштаба | а |
| Постоянное отношение линейного горизонтального масштаба | 504 |
| 200 1# - ЗАГЛАВИЕ И СВЕДЕНИЯ ОБ ОТВЕТСТВЕННОСТИ | |
| Основное заглавие | План Московскаго Большаго Кремлевскаго дворца. Нижний этаж |
| Общее обозначение материала | Карты |
| 206 ## - ОБЛАСТЬ СПЕЦИФИЧЕСКИХ СВЕДЕНИЙ: КАРТОГРАФИЧЕСКИЕ МАТЕРИАЛЫ - МАТЕМАТИЧЕСКИЕ ДАННЫЕ | |
| Сведения о математических данных | 1:504, 6 саж. в 1 дюйме (50 м в 1 см), граф. м-б в саж. |
| 210 ## - ПУБЛИКАЦИЯ, РАСПРОСТРАНЕНИЕ И ДР. | |
| Место издания, распространения и т.д. | [Москва |
| Дата издания, распространения и т.д. | после 1851] |
| 215 ## - ФИЗИЧЕСКАЯ ХАРАКТЕРИСТИКА | |
| Специфическое обозначение материала и объем | 1 к |
| Другие сведения о физической характеристике | 1 цв., клапан, указ. |
| Размеры | 56х75 см |
| 300 ## - ОБЩИЕ ПРИМЕЧАНИЯ | |
| Текст примечания | Верхняя граница датировки по времени завершения строительства Большого Кремлёвского дворца (1849 г.) и корпуса Оружейной палаты (1851 г.) |
| 300 ## - ОБЩИЕ ПРИМЕЧАНИЯ | |
| Текст примечания | Ведение адм.-хоз. работ по строительству и эксплуатации царских дворцов в Москве и окрестностях, включая составление планов и чертежей, с 1831 г. осуществлялось Московской дворцовой конторой (с 1886 г. Московское дворцовое управление) в составе Министерства императорского двора и уделов. |
| 509 01 - ЗАГОЛОВОК -СТРУКТУРИРОВАННОЕ ГЕОГРАФИЧЕСКОЕ ИЛИ ТЕМАТИЧЕСКОЕ НАИМЕНОВАНИЕ | |
| Графика поля | Кириллица |
| Географическое / тематическое наименование – начальный элемент ввода | Москва, |
| Идентифицирующий признак – географическая принадлежность | Россия |
| Географический термин | город, части |
| Системный номер авторитетной/нормативной записи | 2633766 |
| Идентификатор авторитетной / нормативной записи | RU\NLR\auth_crt\55594 |
| 518 1# - ЗАГЛАВИЕ В СТАНДАРТНОМ СОВРЕМЕННОМ ПРАВОПИСАНИИ | |
| Основное заглавие, вариант заглавия или унифицированное заглавие | План Московского Большого кремлёвского дворца |
| 601 01 - НАИМЕНОВАНИЕ ОРГАНИЗАЦИИ КАК ПРЕДМЕТ | |
| Начальный элемент ввода | Кремль |
| Идентифицирующий признак | Москва, город |
| Формальный подзаголовок | Карты |
| Системный номер авторитетной/нормативной записи | 972370 |
| Идентификатор авторитетной/нормативной записи | RU\NLR\AUTH\6646065 |
| 608 ## - ФОРМА, ЖАНР, ФИЗИЧЕСКИЕ ХАРАКТЕРИСТИКИ ДОКУМЕНТА КАК ТОЧКА ДОСТУПА | |
| Начальный элемент ввода | Планы городов |
| Системный номер авторитетной/нормативной записи | 1238803 |
| Идентификатор авторитетной/нормативной записи | RU\NLR\AUTH\66188402 |
| 852 ## - МЕСТОНАХОЖДЕНИЕ И ШИФР ХРАНЕНИЯ | |
| Идентификатор организации | NLR |
| Наименование фонда или коллекции (Sub-Location Identifier) | К |
| Шифр хранения (Call Number) | 3-М 2/208 |
| Идентификатор единицы | 86935 |
| 942 ## - ДОПОЛНИТЕЛЬНЫЕ ЭЛЕМЕНТЫ ЗАПИСИ (АБИС) | |
| Тип экземпляра АБИС | Карта |
| 980 ## - КОЛЛЕКЦИЯ | |
| Название коллекции | Национальная библиография |
Нет доступных экземпляров.